| 000 | 00866nam a2200241 i 4500 | ||
|---|---|---|---|
| 001 | bg | ||
| 100 | 1 | _aGUPTA, Madan M. | |
| 245 | 1 | 0 |
_aStatic and dynamic neural networks : _bfrom fundamentals to advanced theory / _cMadan M. Gupta, Liang Jin, Noriyasu Homma ; foreword by Lotfi A. Zadeh. |
| 260 |
_aHoboken : _bIEEE : _bWiley-Interscience, _c2003. |
||
| 300 |
_aXXVIII, 722 s. : _brys., wykr. ; _c24 cm. |
||
| 504 | _aBibliogr. - Indeks. | ||
| 650 | 9 | _aSieci neuronowe | |
| 700 | 1 | _aJIN, Liang | |
| 700 | 1 | _aHOMMA, Noriyasu | |
| 020 | _a0471219487 | ||
| 040 | _cBPK | ||
| 041 | 0 | _aeng | |
| 080 | _a004.032.26 | ||
| 920 | _a0-471-21948-7 | ||
| 942 | _cKS | ||
| 008 | s pl f |000 0 pol | ||
| 999 |
_c53306 _d53306 |
||
| 856 |
_uhttp://koha.tu.koszalin.pl/cgi-bin/koha/opac-detail.pl?biblionumber=53306 _yKatalog online BPK |
||